| 000 | 00547ntaaa2200205 4500 | ||
|---|---|---|---|
| 003 | 01 | ||
| 005 | 20251027202828.0 | ||
| 008 | 0714s1973 ag 01 | ||
| 040 |
_aAR-BaBN _bspa _cAR-BaBN _eaacr _dRIC |
||
| 082 | _a922.0000 B78 | ||
| 100 |
_aBroach, Claude U _928871 |
||
| 245 | _aDr. Frank | ||
| 250 | _a1 ed. | ||
| 260 |
_aNashville : _bBroadman Press, _cc1950 |
||
| 300 | _a137 p | ||
| 500 | _aAn informal biography of Frank H Leavell, leader of Baptist Youth | ||
| 650 |
_abiografĂa _91311 |
||
| 650 |
_aLeavell, Frank _928872 |
||
| 942 | _cBK | ||
| 999 |
_c23680 _d23680 |
||